007650000a220012100045001000028000002450055000283000052000835200348001357730045004839420008005289520090005369990017006261 aVilla Chiappe, Santiago10aBye, bye, Amazon : Boom de librerías en Internet aVol.0, núm.23 (Agosto, 2007), Páginas 28-29 aAunque aún es prematuro afirmarlo, las librerías virtuales colombianas están comenzando a afianzarse en el mercado nacional e internacional. Internet parece ser una buena fórmula para un país en el que no abundan las librerías en ciudades intermedias y para crear una verdadera red de distribución de novedades latinoamericanas.0 tArcadia / Andrés Felipe Solano, Editor cANA 001040708HEMaFUSBCbFUSBCd2016-01-26l0o r2016-01-26 00:00:00w2016-01-26yANA c62292d62292